Competitiveness of Benelux Countries

Hodnotenie konkurencieschopnosti krajín tvoriacich ekonomický zoskupenie krajin Beneluxu (Belgicko, Holandsko a Luxembursko). Možnosti ďalšieho rozvoja trhovej pozície štátov, pokiaľ ide o ich konkurencieschopnosť.

Salvato in:
Dettagli Bibliografici
Autore principale: Mazák, Michal
Natura: Capitolo di libro
Lingua:inglese
Soggetti:
Tags: Aggiungi Tag
Nessun Tag, puoi essere il primo ad aggiungerne!!

MARC

LEADER 00000naa a2200000 4500
001 0248794
005 20221104110205.0
041 0 |a eng 
044 |a SK 
245 1 0 |a Competitiveness of Benelux Countries  |c Michal Mazák 
520 |a Hodnotenie konkurencieschopnosti krajín tvoriacich ekonomický zoskupenie krajin Beneluxu (Belgicko, Holandsko a Luxembursko). Možnosti ďalšieho rozvoja trhovej pozície štátov, pokiaľ ide o ich konkurencieschopnosť. 
610 2 0 |a Benelux 
610 2 0 |a konkurencieschopnosť 
610 2 0 |a analýza komparatívna 
610 2 0 |a indexy 
100 1 |a Mazák, Michal